LEADER 01291nam1 22003491i 450 001 SBL0211066 005 20231121125817.0 100 $a20190121g19641969||||0itac50 ba 101 | $agrc 102 $anl 181 1$6z01$ai $bxxxe 182 1$6z01$an 200 1 $aEpigraphica 210 $aLeiden$cBrill$d1964-1969 215 $a2 v.$d16 . 463 1$1001UBO3364758$12000 $a1$v1 463 1$1001UBO3364760$12000 $a2$v2 606 $aEpigrafia$xPosizione sociale [delle] Donne$2FIR$3RMLC457282$9N 676 $a305.42$9Funzione e status sociale delle donne.$v22 676 $a411.7$9Sistemi di scrittura delle forme standard delle lingue. Paleografia ed epigrafia.$v22 700 1$aPleket$b, H. W.$3PUVV128214$4070$0187090 790 1$aPleket$b, Henri Willy$3CFIV323585$zPleket, H. W. 790 1$aPleket$b, Henry Willy$3CFIV323586$zPleket, H. W. 801 3$aIT$bIT-01$c20190121 850 $aIT-RM0418 $aIT-FR0017 899 $aBIBLIOTECA ACCADEMIA NAZ. DEI LINCEI E CORSINIANA$bRM0418 899 $aBiblioteca umanistica Giorgio Aprea$bFR0017 912 $aSBL0211066 950 1$aBiblioteca umanistica Giorgio Aprea$d 52DLM E /6 / 977 $a 10$a 52 996 $aEpigraphica$93636023 997 $aUNICAS